| 000 | 00706nam a2200205 a 4500 | ||
|---|---|---|---|
| 001 | 000042381 | ||
| 005 | 20201002040122.0 | ||
| 008 | 131127s1953 sp ab r 000 0 spa d | ||
| 040 |
_aDO-SdBNP _bspa _cBNPHU |
||
| 082 |
_axxxx _bxxxx |
||
| 100 | 1 |
_aLivio, Tito _943449 |
|
| 245 | 1 | 0 |
_aAB urbe condita / _cVictor-José Herrero Llorente. |
| 260 |
_aMadrid : _bGredos, _c1953. |
||
| 300 |
_a252 p. : _bil., mapas ; _c18 cm. _c18 cm. |
||
| 490 | 1 |
_aGredos Bilingüe _v29 |
|
| 500 | _atexto latino con traducción yuxtalineal versión literaria y vocabulario de nombres históricos | ||
| 590 | _aInventariado, 2019/BT | ||
| 700 | 1 | 2 |
_aHerrero Llorente, Víctor José. _9806 |
| 830 | 0 |
_aGredos Bilingüe _n29 _969473 |
|
| 999 |
_c41870 _d41870 |
||